000
00268nam a2200109Ia 4500
999
_c
5871
_d
5871
020
_a
978-93-5316-203-0
100
_a
Sergio Franco
245
0
_a
Analog Circuit Design Discrete and Integrated
260
_a
New Delhi
_b
Mc Graw Hill
_c
2018
300
_a
847
942
_c
BK